header

Standard Basque : (Record no. 119008)

MARC details
000 -LEADER
fixed length control field 01603nam a22004094a 4500
082 04 - DEWEY DECIMAL CLASSIFICATION NUMBER
Classification number 499/.9282421
100 1# - MAIN ENTRY--AUTHOR NAME
Personal name Rijk, Rudolf P. G. de.
245 10 - TITLE STATEMENT
Title Standard Basque :
260 ## - PUBLICATION, DISTRIBUTION, ETC. (IMPRINT)
Place of publication Cambridge, Mass. :
Name of publisher MIT Press,
Year of publication c2008-
300 ## - PHYSICAL DESCRIPTION
Number of Pages v. <1- > :
Other physical details map.
490 1# - SERIES STATEMENT
Series statement Current studies in linguistics ;
500 ## - GENERAL NOTE
General note Vol. 2: by Rudolf P.G. de Rijk and Armand De Coene.
505 1# - FORMATTED CONTENTS NOTE
Formatted contents note v. 1. The grammar
650 #0 - SUBJECT ADDED ENTRY--TOPICAL TERM
Topical Term Basque language
Topical Term Basque language
700 1# - ADDED ENTRY--PERSONAL NAME
Personal name Coene, Armand de.
856 40 - ELECTRONIC LOCATION AND ACCESS
Uniform Resource Identifier http://site.ebrary.com/lib/rucke/Doc?id=10202490

No items available.

© 2026 Rongo University
Contact us: librarian | system librarian | Rongo university